Principles of polymerization / (Record no. 1852)

MARC details
000 -LEADER
fixed length control field 01556cam a2200409 a 4500
001 - CONTROL NUMBER
control field 13561076
003 - CONTROL NUMBER IDENTIFIER
control field OSt
005 - DATE AND TIME OF LATEST TRANSACTION
control field 20260203115435.0
008 - FIXED-LENGTH DATA ELEMENTS--GENERAL INFORMATION
fixed length control field 040416s2004 njua b 001 0 eng d
010 ## - LIBRARY OF CONGRESS CONTROL NUMBER
LC control number 2004298988
015 ## - NATIONAL BIBLIOGRAPHY NUMBER
National bibliography number GBA3-T7526
020 ## - INTERNATIONAL STANDARD BOOK NUMBER
International Standard Book Number 9780471274001
035 ## - SYSTEM CONTROL NUMBER
System control number 13561076
035 ## - SYSTEM CONTROL NUMBER
System control number (OCoLC)53393894
040 ## - CATALOGING SOURCE
Original cataloging agency UKM
Transcribing agency UKM
Modifying agency AGL
-- IXA
-- DLC
042 ## - AUTHENTICATION CODE
Authentication code lccopycat
082 00 - DEWEY DECIMAL CLASSIFICATION NUMBER
Classification number 547.28
Item number ODI
100 1# - MAIN ENTRY--PERSONAL NAME
Personal name Odian, George G.,
Dates associated with a name 1933-
9 (RLIN) 3621
245 10 - TITLE STATEMENT
Title Principles of polymerization /
Statement of responsibility, etc. George Odian.
250 ## - EDITION STATEMENT
Edition statement 4/e
260 ## - PUBLICATION, DISTRIBUTION, ETC.
Place of publication, distribution, etc. Hoboken, N.J. :
Name of publisher, distributor, etc. Wiley-Interscience,
Date of publication, distribution, etc. c2004.
300 ## - PHYSICAL DESCRIPTION
Extent xxiv, 812 p. :
Other physical details ill. ;
Dimensions 25 cm.
336 ## - CONTENT TYPE
Content type term text
Content type code txt
Source rdacontent
337 ## - MEDIA TYPE
Media type term unmediated
Media type code n
Source rdamedia
338 ## - CARRIER TYPE
Carrier type term volume
Carrier type code nc
Source rdacarrier
500 ## - GENERAL NOTE
General note Previous ed.: 1991.
504 ## - BIBLIOGRAPHY, ETC. NOTE
Bibliography, etc. note Includes bibliographical references and index.
650 #0 - SUBJECT ADDED ENTRY--TOPICAL TERM
Topical term or geographic name entry element Polymerization.
9 (RLIN) 379
856 42 - ELECTRONIC LOCATION AND ACCESS
Materials specified Contributor biographical information
Uniform Resource Identifier <a href="http://www.loc.gov/catdir/bios/wiley044/2004298988.html">http://www.loc.gov/catdir/bios/wiley044/2004298988.html</a>
856 41 - ELECTRONIC LOCATION AND ACCESS
Materials specified Table of contents
Uniform Resource Identifier <a href="http://www.loc.gov/catdir/toc/wiley041/2004298988.html">http://www.loc.gov/catdir/toc/wiley041/2004298988.html</a>
856 42 - ELECTRONIC LOCATION AND ACCESS
Materials specified Publisher description
Uniform Resource Identifier <a href="http://www.loc.gov/catdir/description/wiley041/2004298988.html">http://www.loc.gov/catdir/description/wiley041/2004298988.html</a>
856 42 - ELECTRONIC LOCATION AND ACCESS
Materials specified Book review (E-STREAMS)
Uniform Resource Identifier <a href="http://www.e-streams.com/es0710/es0710_3596.html">http://www.e-streams.com/es0710/es0710_3596.html</a>
906 ## - LOCAL DATA ELEMENT F, LDF (RLIN)
a 7
b cbc
c copycat
d 2
e ncip
f 20
g y-gencatlg
942 ## - ADDED ENTRY ELEMENTS (KOHA)
Source of classification or shelving scheme Dewey Decimal Classification
Koha item type Books
Holdings
Withdrawn status Lost status Source of classification or shelving scheme Damaged status Not for loan Collection code Home library Current library Shelving location Date acquired Source of acquisition Cost, normal purchase price Total Checkouts Full call number Barcode Date last seen Copy number Cost, replacement price Price effective from Koha item type Public note
    Dewey Decimal Classification   Reference Reference IIT Goa Central Library IIT Goa Central Library Reference 2026-02-03 Hi-Tech Book Services 15498.00   547.28 ODI 4588 2026-02-03 1 15498.00 2026-02-03 Reference 5262||18-12-2025||36.00%||USD 171.95